| 000 | 00585nam a2200181Ia 4500 | ||
|---|---|---|---|
| 008 | 100921s9999 xx 000 0 und d | ||
| 082 |
_b20414 _a891.463 थ 87 |
||
| 100 | _aदिघे प्रभाकर तुकाजी. | ||
| 245 | _aअभिमान. | ||
| 260 |
_bगुलमोहोर प्रकाशन,सातारा. _c1987 |
||
| 300 |
_a206 _b--- |
||
| 365 | _b60 | ||
| 520 | _aललित-कादंबरी. | ||
| 630 | _aअभिमान. | ||
| 650 | _aललित-कादंबरी. | ||
| 730 | _aअभिमान. | ||
| 942 | _cBOOK | ||
| 999 |
_c769527 _d769524 |
||